[Event "Aragon-ch Seniors 65+"]
[Site "Zaragoza"]
[Date "2018.05.12"]
[Round "4"]
[White "Gonzalez Felez, Jose Julian"]
[Black "Brosa Soto, Jesus"]
[Result "1/2-1/2"]
[WhiteElo "2036"]
[BlackElo "1939"]
[PlyCount "139"]
[EventDate "2018.04.21"]
[EventType "swiss"]
[EventRounds "8"]
[EventCountry "ESP"]
[SourceTitle "EXT 2020"]
[Source "ChessBase"]
[SourceDate "2019.10.17"]
[SourceVersion "1"]
[SourceVersionDate "2019.10.17"]
[SourceQuality "1"]

1. b3 d5 2. Bb2 Bf5 3. e3 Nf6 4. Ne2 Nbd7 5. Ng3 Bg6 6. Be2 e6 7. d3 Bd6 8. Nd2 h5 9. h4 Bxg3 10. fxg3 Qe7 11. 0-0 Qd6 12. Qe1 e5 13. Rc1 0-0-0 14. c4 Qb6 15. c5 Nxc5 16. Bxe5 Ne6 17. d4 Nd7 18. Nf3 f6 19. Bf4 Nxf4 20. gxf4 Rhe8 21. Rc3 Re7 22. Qg3 Be8 23. f5 Nb8 24. Rfc1 Qd6 25. Qf2 c6 26. Ne1 g5 27. hxg5 fxg5 28. Nd3 Nd7 29. Rf1 Nf6 30. Ne5 Ne4 31. Qe1 Nxc3 32. Qxc3 Qf6 33. a4 g4 34. Rf4 Bd7 35. a5 Rde8 36. a6 b6 37. Bd3 Kc7 38. b4 Kd6 39. b5 Rxe5 40. dxe5+ Qxe5 41. Qxe5+ Kxe5 42. bxc6 Bxc6 43. f6 Rf8 44. f7 Bd7 45. Bg6 h4 46. Kf2 Kd6 47. Bh5 Be6 48. Ke2 h3 49. gxh3 gxh3 50. Rh4 b5 51. Kd3 Kc5 52. e4 dxe4+ 53. Kxe4 b4 54. Kd3 Bf5+ 55. Kd2 Kb5 56. Be2+ Ka4 57. Bc4 Ka3 58. Rh5 Bc8 59. Ra5+ Kb2 60. Ra2+ Kb1 61. Ke3 Bg4 62. Rf2 Bh5 63. Rf5 Bxf7 64. Bxf7 h2 65. Rf1+ Kb2 66. Rf2+ Kc3 67. Bd5 Rxf2 68. Kxf2 b3 69. Kg2 b2 70. Be4 1/2-1/2

[Event "Aragon-ch Seniors-B"]
[Site "Zaragoza"]
[Date "2017.06.03"]
[Round "7"]
[White "Orti Stock, Carlos"]
[Black "Gonzalez Felez, Jose Julian"]
[Result "0-1"]
[WhiteElo "1898"]
[BlackElo "2009"]
[PlyCount "46"]
[EventDate "2017.04.22"]
[EventType "swiss"]
[EventRounds "8"]
[EventCountry "ESP"]
[SourceTitle "EXT 2019"]
[Source "ChessBase"]
[SourceDate "2018.10.10"]
[SourceVersion "1"]
[SourceVersionDate "2018.10.10"]
[SourceQuality "1"]

1. b3 d5 2. Bb2 Bg4 3. h3 Bh5 4. g4 Bg6 5. Bg2 e6 6. d3 Nf6 7. Nf3 Nbd7 8. Nbd2 c6 9. c4 Bd6 10. cxd5 exd5 11. 0-0 Qc7 12. e4 dxe4 13. Re1 0-0-0 14. dxe4 Bf4 15. Qe2 Rhe8 16. e5 Nxe5 17. Bxe5 Rxe5 18. Nxe5 Rxd2 19. Qc4 Bxe5 20. Qc5 Bd4 21. Qf8+ Qd8 22. Qxd8+ Kxd8 23. Rad1 Bxf2+ 0-1

[Event "Aragon-ch Seniors"]
[Site "Zaragoza"]
[Date "2015.04.25"]
[Round "2"]
[White "Gimeno Royo, Jose Andres"]
[Black "Gonzalez Felez, Jose Julian"]
[Result "0-1"]
[WhiteElo "1714"]
[BlackElo "1945"]
[PlyCount "82"]
[EventDate "2015.04.18"]
[EventType "swiss"]
[EventRounds "8"]
[EventCountry "ESP"]
[SourceTitle "EXT 2017"]
[Source "ChessBase"]
[SourceDate "2016.10.25"]
[SourceVersion "1"]
[SourceVersionDate "2016.10.25"]
[SourceQuality "1"]

1. d4 Nf6 2. Nf3 c5 3. c3 e6 4. Bf4 Nc6 5. e3 d5 6. Bd3 Be7 7. h3 c4 8. Bc2 Qb6 9. Qc1 Bd7 10. Nbd2 Rc8 11. 0-0 0-0 12. e4 dxe4 13. Nxc4 Qa6 14. Nfe5 Nxe5 15. Nxe5 Bb5 16. Re1 Bd3 17. Bxd3 exd3 18. Qd2 Nd5 19. Nxd3 Nxf4 20. Nxf4 Bg5 21. g3 Rfd8 22. Qe2 Qb6 23. Nd3 Rd5 24. f4 Bf6 25. Ne5 g6 26. Qf2 Rcd8 27. g4 Qc7 28. Re2 b5 29. f5 exf5 30. gxf5 Bxe5 31. dxe5 Rxe5 32. fxg6 hxg6 33. Qg3 Qc5+ 34. Kf1 Rxe2 35. Kxe2 Qc4+ 36. Kf2 Rd2+ 37. Kg1 Qc5+ 38. Kh1 Qd5+ 39. Kg1 Rd3 40. Qf2 Qg5+ 41. Qg2 Rg3 0-1